[Event "Olympiad Women-40"]
[Site "Istanbul"]
[Date "2012.09.01"]
[Round "5.1"]
[White "Arda, Cagil Irmak"]
[Black "Perez, Eneida"]
[Result "1-0"]
[WhiteElo "1634"]
[BlackElo "2070"]
[PlyCount "67"]
[EventDate "2012.08.28"]
[EventType "team-swiss"]
[EventRounds "11"]
[EventCountry "TUR"]
[SourceTitle "CBM 150 Extra"]
[Source "ChessBase"]
[SourceDate "2012.10.19"]
[SourceVersion "1"]
[SourceVersionDate "2012.10.19"]
[SourceQuality "1"]
[WhiteTeam "Turkey 2023 (W)"]
[BlackTeam "Dominican Rep (W)"]
[WhiteTeamCountry "TUR"]
[BlackTeamCountry "DOM"]

1. e4 e5 2. Nf3 Nf6 3. Nxe5 d6 4. Nf3 Nxe4 5. Nc3 Nf6 6. d3 Be7 7. Bf4 a6 8. Qd2 Nc6 9. 0-0-0 Bg4 10. Be2 h6 11. h3 Be6 12. d4 d5 13. a3 Bf5 14. Ne5 Na7 15. g4 Ne4 16. Nxe4 Bxe4 17. f3 Bh7 18. Bd3 Bxd3 19. Qxd3 Bg5 20. Qf5 Bxf4+ 21. Qxf4 Qf6 22. Qxf6 gxf6 23. Nd3 0-0-0 24. Rhe1 Rhe8 25. Nf4 c6 26. Nh5 Re6 27. Rxe6 fxe6 28. Re1 Kd7 29. Nxf6+ Ke7 30. Nh5 Nb5 31. c3 Nd6 32. Nf4 Kf6 33. Rxe6+ Kg5 34. Ng2 1-0

[Event "Olympiad Women-39"]
[Site "Khanty-Mansiysk"]
[Date "2010.10.03"]
[Round "11.41"]
[White "Perez, Eneida"]
[Black "Samaganova, Alexandra"]
[Result "1-0"]
[WhiteElo "2099"]
[BlackElo "2080"]
[PlyCount "113"]
[EventDate "2010.09.21"]
[EventType "team-swiss"]
[EventRounds "11"]
[EventCountry "RUS"]
[SourceTitle "CBM 139"]
[Source "ChessBase"]
[SourceDate "2010.11.18"]
[SourceVersion "1"]
[SourceVersionDate "2010.11.18"]
[SourceQuality "1"]
[WhiteTeam "Dominican Rep (W)"]
[BlackTeam "Kyrgyzstan (W)"]
[WhiteTeamCountry "DOM"]
[BlackTeamCountry "KGZ"]

1. d4 Nf6 2. e3 e6 3. Bd3 b6 4. f4 Bb7 5. Nf3 c5 6. c3 d6 7. 0-0 Nbd7 8. Qe2 Ne4 9. Nbd2 Nxd2 10. Bxd2 Be7 11. e4 Qc7 12. e5 g6 13. b4 d5 14. bxc5 bxc5 15. Rab1 Nb6 16. Ng5 c4 17. Bc2 Bxg5 18. fxg5 0-0-0 19. Qf2 Rdf8 20. Bc1 Qe7 21. Qf6 Re8 22. Qxe7 Rxe7 23. Ba3 Rd7 24. Bc5 Kc7 25. a4 Bc6 26. a5 Nc8 27. Rf2 Kd8 28. Bd1 h6 29. gxh6 Rxh6 30. Bc2 a6 31. Rb4 Bb5 32. Bd1 Na7 33. Bxa7 Rxa7 34. Rfb2 Kc7 35. Ba4 Bxa4 36. Rxa4 Rh8 37. Rab4 Rf8 38. Rb6 Rd8 39. Kf2 Rd7 40. Kg3 Kd8 41. Kf4 Ke7 42. Kg5 Ra8 43. g4 Rc7 44. h4 Rd7 45. Rb7 Ra7 46. Rxd7+ Rxd7 47. Rb6 Ra7 48. h5 gxh5 49. gxh5 Ra8 50. Rb7+ Kf8 51. Kf6 Kg8 52. Rxf7 Rb8 53. Rg7+ Kh8 54. Rg3 Kh7 55. Kxe6 Rd8 56. Rg6 Kh8 57. Ke7 1-0

[Event "Olympiad Women-39"]
[Site "Khanty-Mansiysk"]
[Date "2010.09.30"]
[Round "9.42"]
[White "Shamima, Akter Liza"]
[Black "Perez, Eneida"]
[Result "1-0"]
[WhiteElo "2160"]
[BlackElo "2099"]
[PlyCount "121"]
[EventDate "2010.09.21"]
[EventType "team-swiss"]
[EventRounds "11"]
[EventCountry "RUS"]
[SourceTitle "CBM 139"]
[Source "ChessBase"]
[SourceDate "2010.11.18"]
[SourceVersion "1"]
[SourceVersionDate "2010.11.18"]
[SourceQuality "1"]
[WhiteTeam "Bangladesh (W)"]
[BlackTeam "Dominican Rep (W)"]
[WhiteTeamCountry "BAN"]
[BlackTeamCountry "DOM"]

1. d4 d5 2. c4 e6 3. Nc3 f5 4. g3 c6 5. Bg2 Bd6 6. Nf3 Nf6 7. 0-0 0-0 8. b3 Ne4 9. Qc2 Nd7 10. a4 Qe7 11. Nb1 Ndf6 12. Ba3 Bxa3 13. Rxa3 Bd7 14. c5 Be8 15. Ne5 Nd7 16. Nxd7 Qxd7 17. f3 Nf6 18. Nd2 Bh5 19. Qd3 Rae8 20. b4 Qe7 21. f4 Nd7 22. Nb3 b6 23. Rc1 Nb8 24. Ra2 Kh8 25. e3 g5 26. b5 gxf4 27. exf4 Rc8 28. Re1 Qf6 29. Qe3 Rfe8 30. Bf1 Re7 31. Rc2 Be8 32. Bd3 Bd7 33. Nd2 bxc5 34. dxc5 Rce8 35. Nf3 Bc8 36. Ne5 Bb7 37. Qd4 Qg7 38. Qe3 Kg8 39. Rce2 Kf8 40. Qd4 Kg8 41. Qb4 Kf8 42. Qa5 Ba8 43. b6 Nd7 44. Qb4 Nxe5 45. Rxe5 h5 46. a5 h4 47. Kg2 axb6 48. axb6 Qg4 49. Be2 Qg6 50. Kf2 hxg3+ 51. hxg3 Rh7 52. Rg1 Rh2+ 53. Rg2 Rxg2+ 54. Kxg2 Bb7 55. Qd4 Re7 56. Qe3 Bc8 57. g4 Rh7 58. g5 Rh8 59. b7 Bxb7 60. Rxe6 d4 61. Qe5 1-0

[Event "Olympiad Women-37"]
[Site "Turin"]
[Date "2006.06.04"]
[Round "13"]
[White "Da Boso Solano, Carla"]
[Black "Perez, Eneida"]
[Result "0-1"]
[WhiteElo "2050"]
[BlackElo "2110"]
[PlyCount "96"]
[EventDate "2006.05.21"]
[EventType "team-swiss"]
[EventRounds "13"]
[EventCountry "ITA"]
[SourceTitle "CBM 112 Extra"]
[Source "ChessBase"]
[SourceDate "2006.07.14"]
[SourceVersion "1"]
[SourceVersionDate "2006.07.14"]
[SourceQuality "1"]
[WhiteTeam "Costa Rica (W)"]
[BlackTeam "Dominican Rep (W)"]
[WhiteTeamCountry "CRI"]
[BlackTeamCountry "DOM"]

1. e4 e5 2. Nf3 Nf6 3. d4 Nxe4 4. Nxe5 d5 5. Bd3 Nd7 6. 0-0 Nxe5 7. dxe5 Nc5 8. Bf4 Nxd3 9. Qxd3 Be7 10. Qg3 g5 11. Bd2 Bf5 12. Qb3 0-0 13. Nc3 d4 14. Nd5 Rb8 15. Nxe7+ Qxe7 16. Qg3 h6 17. h4 Kh7 18. hxg5 Rg8 19. f4 Rg6 20. Qh4 Qe6 21. Rf2 Kg7 22. gxh6+ Rxh6 23. Qg3+ Rg6 24. Qa3 Rh8 25. Rf3 Be4 26. Rg3 Qf5 27. c4 Rhh6 28. Rg5 Rxg5 29. fxg5 Rh4 30. Qe7 Rg4 31. Qf6+ Qxf6 32. exf6+ Kg6 33. Rd1 Rxg2+ 34. Kf1 Rh2 35. Bc1 Rh1+ 36. Ke2 Bf3+ 37. Kxf3 Rxd1 38. Bf4 c6 39. Ke2 Rb1 40. b3 Kf5 41. Bd2 Rb2 42. Kd3 c5 43. Bc1 Rxa2 44. b4 b6 45. bxc5 bxc5 46. g6 Kxg6 47. Bf4 Kxf6 48. Be5+ Ke6 0-1

[Event "Olympiad Women-37"]
[Site "Turin"]
[Date "2006.05.27"]
[Round "6"]
[White "Pourkashiyan, Atousa"]
[Black "Perez, Eneida"]
[Result "1-0"]
[WhiteElo "2311"]
[BlackElo "2110"]
[PlyCount "56"]
[EventDate "2006.05.21"]
[EventType "team-swiss"]
[EventRounds "13"]
[EventCountry "ITA"]
[SourceTitle "CBM 112 Extra"]
[Source "ChessBase"]
[SourceDate "2006.07.14"]
[SourceVersion "1"]
[SourceVersionDate "2006.07.14"]
[SourceQuality "1"]
[WhiteTeam "Iran (W)"]
[BlackTeam "Dominican Rep (W)"]
[WhiteTeamCountry "IRI"]
[BlackTeamCountry "DOM"]

1. e4 e5 2. Bc4 Qe7 3. Nf3 h6 4. 0-0 g5 5. d4 d6 6. dxe5 dxe5 7. b3 Bg7 8. Ba3 Qf6 9. Nc3 c6 10. Qd2 Nd7 11. Rad1 Ne7 12. Qe3 Qf4 13. Qe1 Nb6 14. Ne2 Qf6 15. Ng3 h5 16. Rd6 Be6 17. Bxe6 fxe6 18. Bc1 Bh6 19. Nxh5 Qf7 20. Ng3 g4 21. Nxe5 Qh7 22. Nxg4 Bg7 23. Rxe6 Rd8 24. Nf5 Nbc8 25. Rh6 Qg8 26. Nxg7+ Qxg7 27. Rxh8+ Qxh8 28. Bg5 Qe5 1-0

[Event "Olympiad Women-37"]
[Site "Turin"]
[Date "2006.05.25"]
[Round "5"]
[White "Al Rufaye, Iman Hasan Mohammed"]
[Black "Perez, Eneida"]
[Result "1-0"]
[WhiteElo "2118"]
[BlackElo "2110"]
[PlyCount "93"]
[EventDate "2006.05.21"]
[EventType "team-swiss"]
[EventRounds "13"]
[EventCountry "ITA"]
[SourceTitle "CBM 112 Extra"]
[Source "ChessBase"]
[SourceDate "2006.07.14"]
[SourceVersion "1"]
[SourceVersionDate "2006.07.14"]
[SourceQuality "1"]
[WhiteTeam "Iraq (W)"]
[BlackTeam "Dominican Rep (W)"]
[WhiteTeamCountry "IRQ"]
[BlackTeamCountry "DOM"]

1. e4 e5 2. Nf3 Nf6 3. Nxe5 d6 4. Nf3 Nxe4 5. Qe2 Qe7 6. d3 Nf6 7. Bg5 Nbd7 8. Nc3 Qxe2+ 9. Bxe2 c6 10. 0-0-0 Be7 11. Rde1 Nc5 12. d4 Ne6 13. Bd2 Bd7 14. Bd3 h6 15. Re2 0-0-0 16. Rhe1 Rhe8 17. h3 Bf8 18. Bc4 d5 19. Bd3 Bb4 20. Bf5 Nc7 21. Bxd7+ Nxd7 22. a3 Rxe2 23. Rxe2 Bf8 24. Ne5 Nxe5 25. dxe5 d4 26. Ne4 Nd5 27. c4 dxc3 28. Nxc3 Nxc3 29. Bxc3 Re8 30. f4 g6 31. g4 c5 32. a4 Kc7 33. Kc2 a6 34. Rd2 Kc6 35. a5 Be7 36. Kd3 Bd8 37. Ke4 Bc7 38. f5 Re7 39. h4 gxf5+ 40. gxf5 Kb5 41. f6 Re6 42. Rd7 Bxa5 43. Bxa5 Kxa5 44. Rxb7 c4 45. Rxf7 Kb6 46. Rh7 Kc5 47. f7 1-0

[Event "Cologne-ch 05"]
[Site "Cologne"]
[Date "2005.01.16"]
[Round "6"]
[White "Perez, Eneida"]
[Black "Meurer, Ruediger"]
[Result "1-0"]
[WhiteElo "1994"]
[BlackElo "1589"]
[PlyCount "67"]
[EventDate "2004.12.04"]
[EventType "swiss"]
[EventRounds "7"]
[EventCountry "GER"]
[SourceTitle "EXT 2006"]
[Source "ChessBase"]
[SourceDate "2005.11.24"]
[SourceVersion "1"]
[SourceVersionDate "2005.11.24"]
[SourceQuality "1"]

1. d4 Nf6 2. e3 g6 3. f4 d6 4. Nf3 Bg7 5. Bc4 Ne4 6. Nbd2 Nxd2 7. Bxd2 Bf5 8. c3 0-0 9. 0-0 a6 10. a4 Nc6 11. Qe2 d5 12. Ba2 h6 13. Be1 Bg4 14. e4 Bxf3 15. Rxf3 dxe4 16. Qxe4 e6 17. Bf2 Qc8 18. d5 f5 19. Qxe6+ Qxe6 20. dxe6 Ne7 21. Bc5 Bf6 22. Rd1 b6 23. Ba3 Rfe8 24. Rd7 Rac8 25. Bc4 a5 26. Ba6 Rb8 27. Rxc7 Nd5 28. Rc6 Be7 29. Bxe7 Rxe7 30. Bc4 Nf6 31. Rd3 Kf8 32. Rdd6 Reb7 33. e7+ Rxe7 34. Rxf6+ 1-0

[Event "Olympiad Women-35"]
[Site "Bled"]
[Date "2002.11.05"]
[Round "10.1"]
[White "Perez, Eneida"]
[Black "Foudzi, Sitii Zulaikha"]
[Result "1/2-1/2"]
[WhiteElo "2054"]
[BlackElo "2019"]
[PlyCount "140"]
[EventDate "2002.10.26"]
[EventType "team-swiss"]
[EventRounds "14"]
[EventCountry "SLO"]
[SourceTitle "EXT 2003"]
[Source "ChessBase"]
[SourceDate "2002.11.25"]
[SourceVersion "1"]
[SourceVersionDate "2002.11.25"]
[SourceQuality "1"]
[WhiteTeam "Dominican Rep (W)"]
[BlackTeam "Malaysia (W)"]
[WhiteTeamCountry "DOM"]
[BlackTeamCountry "MAS"]

1. d4 Nf6 2. e3 g6 3. f4 Bg7 4. Bc4 0-0 5. Nf3 d6 6. 0-0 c6 7. a4 Nbd7 8. c3 Qc7 9. Nbd2 e5 10. fxe5 dxe5 11. Ng5 Nb6 12. Bb3 Nbd5 13. Qf3 exd4 14. Bxd5 cxd5 15. exd4 Bg4 16. Qf2 h6 17. Ngf3 Ne4 18. Qh4 f5 19. Ne5 g5 20. Qe1 Bxe5 21. dxe5 Qxe5 22. Nf3 Qd6 23. Be3 Rfe8 24. Qc1 a6 25. Bd4 Bxf3 26. gxf3 Nc5 27. Qc2 Rf8 28. Rae1 Ne6 29. Be5 Qd7 30. Re2 Rae8 31. Rfe1 Qc6 32. Qd3 Nc5 33. Qd4 Re6 34. Bh8 Rf7 35. Rxe6 Nxe6 36. Qe5 Nf8 37. Qd4 Ng6 38. Be5 Re7 39. Bg3 Rxe1+ 40. Bxe1 Qe6 41. Kf2 f4 42. b3 Nh4 43. c4 dxc4 44. bxc4 Nf5 45. Qd8+ Kf7 46. Qc7+ Qe7 47. Qxe7+ Kxe7 48. Bc3 Kd6 49. Bb4+ Kc6 50. h3 b6 51. Bf8 Kd7 52. Ke2 Ke6 53. Kd3 Ke5 54. Bb4 h5 55. Bc3+ Ke6 56. Bb4 Nd6 57. Kd4 Nb7 58. Kc3 Kf5 59. Kd4 g4 60. fxg4+ hxg4 61. hxg4+ Kxg4 62. Be1 Kf3 63. Kd5 Ke2 64. Bh4 Na5 65. Bd8 Nxc4 66. Kxc4 b5+ 67. axb5 axb5+ 68. Kxb5 f3 69. Bb6 f2 70. Bxf2 Kxf2 1/2-1/2

[Event "Olympiad Women-35"]
[Site "Bled"]
[Date "2002.10.29"]
[Round "4.1"]
[White "Rozic, Vesna"]
[Black "Perez, Eneida"]
[Result "1-0"]
[WhiteElo "2117"]
[BlackElo "2054"]
[PlyCount "85"]
[EventDate "2002.10.26"]
[EventType "team-swiss"]
[EventRounds "14"]
[EventCountry "SLO"]
[SourceTitle "EXT 2003"]
[Source "ChessBase"]
[SourceDate "2002.11.25"]
[SourceVersion "1"]
[SourceVersionDate "2002.11.25"]
[SourceQuality "1"]
[WhiteTeam "Slovenia (W) II"]
[BlackTeam "Dominican Rep (W)"]
[WhiteTeamCountry "SLO"]
[BlackTeamCountry "DOM"]

1. d4 d5 2. Nf3 e6 3. Nbd2 f5 4. Ne5 Nf6 5. Ndf3 Bd6 6. Bg5 0-0 7. e3 Qe8 8. h4 Ne4 9. Bd3 b6 10. Qe2 a5 11. a3 Bb7 12. 0-0 c6 13. c4 Nd7 14. Bf4 Qe7 15. Nxd7 Qxd7 16. Ne5 Qe7 17. f3 Nf6 18. Rac1 c5 19. cxd5 Nxd5 20. Bg5 Qc7 21. e4 Bxe5 22. dxe5 Ne7 23. Bc4 fxe4 24. fxe4 Ng6 25. Bxe6+ Kh8 26. Bf5 Qxe5 27. Rcd1 Bc6 28. h5 Ne7 29. Bf4 Qf6 30. Rd6 Qf7 31. Be6 Qe8 32. h6 Ng6 33. hxg7+ Kxg7 34. Qg4 Kh8 35. Bh6 Rxf1+ 36. Kxf1 Bb5+ 37. Kg1 Qe7 38. Rxb6 Bd3 39. Qf5 Qh4 40. Bg5 Qe1+ 41. Kh2 h6 42. Qf6+ Kh7 43. Rb7+ 1-0

[Event "FRA-chT"]
[Site "France"]
[Date "1994.??.??"]
[Round "?"]
[White "Perez, Eneida"]
[Black "Santo Roman, Marc"]
[Result "1/2-1/2"]
[WhiteElo "2040"]
[BlackElo "2440"]
[PlyCount "82"]
[EventDate "1994.??.??"]
[EventType "team"]
[EventRounds "11"]
[EventCountry "FRA"]
[SourceTitle "TD"]
[Source "ChessBase"]
[SourceDate "1994.03.01"]
[SourceVersion "1"]
[SourceVersionDate "1994.03.01"]
[SourceQuality "1"]

1. d4 f5 2. e3 Nf6 3. Bd3 e6 4. f4 b6 5. Qe2 Bb7 6. Nf3 g6 7. 0-0 Bg7 8. Nbd2 0-0 9. c3 c5 10. a4 Nc6 11. Bc4 d5 12. Bd3 Ne4 13. Ne5 Nxe5 14. fxe5 c4 15. Bxe4 fxe4 16. Rxf8+ Qxf8 17. Nf1 Bc6 18. a5 b5 19. b4 cxb3 20. Ba3 Qd8 21. Bb4 h5 22. Rb1 a6 23. Rxb3 Rc8 24. Nd2 Bh6 25. Rb1 Rc7 26. Nb3 Bb7 27. Nc5 Bc8 28. Re1 Rf7 29. Nb3 Qg5 30. Nd2 Bd7 31. Nf1 Be8 32. Qd1 Qh4 33. Re2 g5 34. Qe1 Qg4 35. h3 Qf5 36. Rf2 Qg6 37. Rxf7 Bxf7 38. g4 hxg4 39. hxg4 Bg7 40. Qg3 Be8 41. Nd2 Bd7 1/2-1/2

[Event "Cappelle op 09th"]
[Site "Cappelle la Grande"]
[Date "1993.??.??"]
[Round "1"]
[White "Perez, Eneida"]
[Black "Dumitrache, Dragos Nicolae"]
[Result "0-1"]
[WhiteElo "2060"]
[BlackElo "2385"]
[PlyCount "56"]
[EventDate "1993.02.??"]
[EventType "swiss"]
[EventRounds "9"]
[EventCountry "FRA"]
[SourceTitle "TD"]
[Source "ChessBase"]
[SourceDate "1994.03.01"]
[SourceVersion "1"]
[SourceVersionDate "1994.03.01"]
[SourceQuality "1"]

1. d4 Nf6 2. e3 g6 3. Bd3 Bg7 4. f4 0-0 5. Nf3 d6 6. 0-0 Nc6 7. c3 e5 8. e4 exd4 9. Nxd4 Re8 10. Nd2 Nxd4 11. cxd4 c5 12. d5 Bd7 13. Rb1 Ng4 14. Nf3 c4 15. Bxc4 Qb6+ 16. Kh1 Nf2+ 17. Rxf2 Qxf2 18. Qd3 b5 19. Bb3 Rxe4 20. Qxe4 Qf1+ 21. Ng1 Bf5 22. Qe3 Bxb1 23. Bd2 Bxb2 24. Ba5 Bc1 25. Qe7 Ba3 26. Qb7 Re8 27. Qd7 Kf8 28. Bc7 Qxg1+ 0-1

[Event "Cappelle op 09th"]
[Site "Cappelle la Grande"]
[Date "1993.??.??"]
[Round "3"]
[White "Perez, Eneida"]
[Black "Sula, Zeqir"]
[Result "0-1"]
[WhiteElo "2060"]
[BlackElo "2350"]
[PlyCount "144"]
[EventDate "1993.02.??"]
[EventType "swiss"]
[EventRounds "9"]
[EventCountry "FRA"]
[SourceTitle "TD"]
[Source "ChessBase"]
[SourceDate "1994.03.01"]
[SourceVersion "1"]
[SourceVersionDate "1994.03.01"]
[SourceQuality "1"]

1. d4 Nf6 2. e3 g6 3. f4 b6 4. Nf3 Bb7 5. Bd3 c5 6. 0-0 Bg7 7. Qe2 0-0 8. c3 d5 9. Bd2 Nc6 10. Be1 c4 11. Bc2 b5 12. Nbd2 e6 13. e4 dxe4 14. Nxe4 Ne7 15. Nxf6+ Bxf6 16. Ne5 a6 17. Ng4 Nf5 18. Rd1 Bg7 19. Ne5 Qd5 20. Nf3 f6 21. Bd2 Rfe8 22. Rde1 a5 23. Qf2 Rab8 24. Re2 Bc6 25. Rfe1 b4 26. Bc1 Qd7 27. Nd2 Nd6 28. Ne4 Bxe4 29. Bxe4 Nxe4 30. Rxe4 f5 31. R4e3 Qd5 32. Qe2 Kf7 33. Rh3 h5 34. Re3 a4 35. h3 a3 36. Qf3 Qxf3 37. Rxf3 b3 38. axb3 a2 39. Be3 Rxb3 40. Rf2 Ra8 41. Ra1 Ke7 42. Re2 Kd6 43. Kf2 Bf6 44. Bc1 Rb7 45. Kf3 h4 46. Kf2 Rg7 47. Kf3 Ra5 48. Kf2 Rg8 49. Kf3 g5 50. fxg5 Bxg5 51. Bxg5 Rxg5 52. Kf2 Rg3 53. Kf1 Rg8 54. Kf2 Ke7 55. d5 Rxd5 56. Rxa2 Kf6 57. Ra4 Rc8 58. Ra6 Re5 59. Rd2 Rb8 60. Rc6 Re4 61. Rc7 Rb5 62. Kf3 Rb8 63. Rcd7 Rg8 64. R7d4 Rg3+ 65. Kf2 e5 66. Rxe4 fxe4 67. Rd6+ Kf5 68. Rb6 e3+ 69. Kf1 Ke4 70. Rh6 e2+ 71. Kf2 Rxg2+ 72. Ke1 Ke3 0-1